00301nam a2200121Ia 4500008004100000082001700041100001700058245002300075260002700098300000800125630002300133730002300156100122s9999 xx 000 0 und d b11542a294.5 aSRIAUROBINDO aESSAYS ON THE GITA bAUROBINDO ASHRAMc1959 a809 aESSAYS ON THE GITA aESSAYS ON THE GITA